| 000 | 00480cam a22001097a 4500 | ||
|---|---|---|---|
| 008 | 180718b1980 xxu||||| |||| 00| 0 eng d | ||
| 082 | _aT31038x54 In2 | ||
| 245 |
_aSelected decisions of the company law board benches _cby Ministry of Law, Justice & Company Affairs, Department of Company Affairs,india |
||
| 260 |
_aNew Delhi _bThe Manager,Goverment of India Press _c1980 |
||
| 300 | _a436+p. | ||
| 700 | _aIndia.Ministry of Law, Justice & Company Affairs. Department of Company Affairs | ||
| 999 |
_c497936 _d497936 |
||